01386 a2200205 45000010006000000050017000060080041000230030015000640400040000790800108001192450131002270200022003582640033003803000019004135050593004320410008010251000026010337000026010598560095010854110320260407155704.0260407a2009 arg spa dAR-UNSa-BCEJYS aAR-UNSa-BCEJYSbspacAR-UNSa-BCEJYS a347.471xOrganizaciones civiles, privadas. Sociedades. Asociaciones. Compañías (sin fines de lucro)10aRégimen de responsabilidad de administradores de clubes de fútbolpcomisión directiva, órgano fiduciario, gerenciadora a978-950-894-748-2 1aBuenos Aires :bAD-HOCc2009 a215 p.c23 cm. a1. El club de fútbol como simple asociación civil deportiva - 2. Asociaciones civiles deportivas - 3.Régimen de responsabilidad de los directivos de los clubes de fútbol. Mandatarios civiles. Alcances del mandato - 4. Régimen de la responsabilidad para los directivos de clubes de fútbol que hubieran adecuado sus estatutos según pautas impuestas por la AFA - 5. Régimen especial de administración de las entidades deportivas con dificultades económicas. Fideicomiso de administración con control judicial. Ley 25.284 - 6. El gerenciamiento en los clubes de fútbol aspa1 aMingo Jozami, Alfonso1 aBalbín, Sebastián41uhttps://biblioeco.unsa.edu.ar/pmb/images/libros/L126372.jpgyImagen de portadaqimage/jpeg